000 00515nam a2200193Ia 4500
999 _c15132
_d15132
003 OSt
005 20201104130538.0
008 190216s9999||||xx |||||||||||||| ||und||
020 _a8182746264
040 _coclc
082 _a824
_bNIC/T
100 _aNicholson, Andy
_96264
245 0 _aTop School Essays /
_cAndy Nicholson
250 _a1st Ed.
260 _bNeel Kamal,
_c2004.
_aNew delhi:
300 _a176p
650 _aEnglish Essay
942 _cBK
_2ddc
_h824
_iNIC/T
_k824
_mNIC/T